Electromagnetic Vibration Energy Harvesting Devices : Architectures, Design, Modeling and Optimization

Enregistré dans:
Détails bibliographiques
Auteurs principaux: Spreeman, Dirk (Auteur), Manoli, Yiannos (Auteur)
Format: Livre
Langue:anglais
Publié: Dordrecht : Springer, 2012
Édition:1. vyd.
Sujets:
Tags: Ajouter un tag
Pas de tags, Soyez le premier à ajouter un tag!

MARC

LEADER 00000nam a22000003a 4500
001 stu269588
005 20190206105229.1
008 130702s2012------------------------eng-d
020 |a 978-94-007-2943-8 
040 |a STU  |b slo 
041 0 |a eng 
080 |a 681.586 
080 |a 621.38-022.53  |7 A000003323 
100 1 |a Spreeman, Dirk  |4 aut 
245 1 |a Electromagnetic Vibration Energy Harvesting Devices :  |b Architectures, Design, Modeling and Optimization 
250 |a 1. vyd. 
260 |a Dordrecht :  |b Springer,  |c 2012 
300 |a 196 s 
500 |a Centrum VTI SR 
650 7 |a Mikroelektronika  |2 stusub 
650 7 |a snímače vibrácií  |2 stusub 
700 1 |a Manoli, Yiannos  |4 aut 
996 |b 284J041171  |c J*115943  |l JJSK  |s A  |a 24  |w stu269588_0001